000
00211 a2200097 4500
020
_a
9780241634356
100
_a
Elizabeth Strout
245
_a
Tell me everything
260
_b
Penguin/Viking
_c
2024
942
_c
OO
999
_c
115210
_d
115209